<?xml version="1.0" encoding="UTF-8"?>
<record
    xmlns:xsi="http://www.w3.org/2001/XMLSchema-instance"
    xsi:schemaLocation="http://www.loc.gov/MARC21/slim http://www.loc.gov/standards/marcxml/schema/MARC21slim.xsd"
    xmlns="http://www.loc.gov/MARC21/slim">

  <leader>01647nam a2200181   4500</leader>
  <datafield tag="999" ind1=" " ind2=" ">
    <subfield code="c">509620</subfield>
    <subfield code="d">509620</subfield>
  </datafield>
  <controlfield tag="008">190516b           ||||| |||| 00| 0 eng d</controlfield>
  <datafield tag="100" ind1=" " ind2=" ">
    <subfield code="a">Dodge, Alexa</subfield>
    <subfield code="9">5695</subfield>
  </datafield>
  <datafield tag="245" ind1=" " ind2=" ">
    <subfield code="a">Online sexual violence, child pornography or something else entirely? police responses to non-consensual intimate image sharing among youth</subfield>
  </datafield>
  <datafield tag="260" ind1=" " ind2=" ">
    <subfield code="c">2018</subfield>
  </datafield>
  <datafield tag="300" ind1=" " ind2=" ">
    <subfield code="a">p.636-657.</subfield>
  </datafield>
  <datafield tag="520" ind1=" " ind2=" ">
    <subfield code="a">Due to child pornography laws, non-consensual intimate image sharing among youth is subjected to complex legal landscapes in a variety of jurisdictions such as Canada, the United States, the United Kingdom, and Australia. While a growing number of scholars have problematized the use of child pornography charges to respond to these cases, there remains little understanding regarding how the police that enforce these laws conceptualize this issue and how this influences responses to these cases. Drawing from interviews with members of sex crime&#x2013;related units in police service organizations from across Canada, this article examines how police conceptions of non-consensual intimate image sharing among youth correspond with and/or diverge from legal and critical understandings of this issue. While it is widely understood that online and digitally enabled forms of sexual violence pose unique challenges for police, our research fills a gap in the literature by examining how police themselves understand and respond to these challenges. - Reproduced.</subfield>
  </datafield>
  <datafield tag="650" ind1=" " ind2=" ">
    <subfield code="a">Sexual violence</subfield>
    <subfield code="9">5696</subfield>
  </datafield>
  <datafield tag="650" ind1=" " ind2=" ">
    <subfield code="a">Online sexual violence</subfield>
    <subfield code="9">5697</subfield>
  </datafield>
  <datafield tag="700" ind1=" " ind2=" ">
    <subfield code="a">Spencer, Dale C.</subfield>
    <subfield code="9">5698</subfield>
  </datafield>
  <datafield tag="773" ind1=" " ind2=" ">
    <subfield code="a">Social and Legal Studies </subfield>
  </datafield>
  <datafield tag="906" ind1=" " ind2=" ">
    <subfield code="a">Child pornography</subfield>
  </datafield>
  <datafield tag="942" ind1=" " ind2=" ">
    <subfield code="2">ddc</subfield>
    <subfield code="c">AR</subfield>
  </datafield>
  <datafield tag="952" ind1=" " ind2=" ">
    <subfield code="0">0</subfield>
    <subfield code="1">0</subfield>
    <subfield code="2">ddc</subfield>
    <subfield code="4">0</subfield>
    <subfield code="7">0</subfield>
    <subfield code="9">383556</subfield>
    <subfield code="a">IIPA</subfield>
    <subfield code="b">IIPA</subfield>
    <subfield code="d">2019-05-16</subfield>
    <subfield code="h">27(5), Oct, 2018: p.636-657.</subfield>
    <subfield code="p">AR119759</subfield>
    <subfield code="r">2019-05-16</subfield>
    <subfield code="y">AR</subfield>
  </datafield>
</record>
